La pintura española / (Registro nro. 8238)
[ vista simple ]
| 000 -CABECERA | |
|---|---|
| campo fijo de control de longitud | 00894namaa22002657a 4500 |
| 001 - NÚMERO DE CONTROL | |
| campo de control | 8238 |
| 003 - IDENTIFICADOR DEL NÚMERO DE CONTROL | |
| campo de control | AR-RoBPED |
| 005 - FECHA Y HORADE LA ULTIMA TRANSACCION | |
| campo de control | 20241028183137.0 |
| 007 - | |
| campo fijo de control de longitud | ta |
| 008 - ELEMENTOS DE LONGITUD FIJA--INFORMACION GENERAL | |
| campo fijo de control de longitud | 160821s1926 ag a|||| 001 0|spa | |
| 040 ## - FUENTE CATALOGADORA | |
| Centro catalogador/agencia de origen | AR-RoBPED |
| 041 ## - IDIOMA | |
| Código de idioma para texto/pista de sonido o título independiente | spa |
| 100 1# - ENCABEZAMIENTO PRINCIPAL--AUTOR PERSONAL | |
| Nombre de persona | Mayer, Augusto Liebmann |
| 9 (RLIN) | 9730 |
| Fechas nac-muerte | 1885-1944 |
| 245 13 - TITULO | |
| Título | La pintura española / |
| Mención de responsabilidad | August L. Mayer ; traducción de Manuel Sánchez Sarto |
| 260 ## - PUBLICACION | |
| Lugar | Buenos Aires : |
| Editor | Labor, |
| Fecha | 1926. |
| 300 ## - DESCRIPCION FISICA | |
| Extensión | 238 p. : |
| Otros detalles físicos | il., lám. |
| 490 0# - SERIE | |
| Mención de serie | Colección Labor, sección 2: Pintura española ; |
| Designación de volumen o secuencia | 75-74 |
| 600 10 - TERMINO DE MATERIA--NOMBRE DE PERSONA | |
| 9 (RLIN) | 27649 |
| Nombre de persona | Goya y Lucientes, Francisco de |
| Fecha de nac-muerte | 1746-1828 |
| 9 (RLIN) | 27648 |
| Nombre de persona | El Greco, Seud. |
| Fecha de nac-muerte | ca. 1541-1614 |
| 650 #4 - TERMINO DE MATERIA--CONTROLADO | |
| Término controlado | HISTORIA |
| 651 #4 - NOMBRE GEOGRAFICO | |
| Nombre geográfico | España |
| 700 1# - ENCABEZAMIENTO SECUNDARIO--AUTOR PERSONAL | |
| 9 (RLIN) | 24309 |
| Nombre de persona | Sánchez Sarto, Manuel |
| Fecha de nac-muerte | 1897-1980 |
| Función | trad. |
| 942 ## - ELEMENTOS KOHA | |
| Koha tipo de ítem | Libro |
| Fuente de clasificación | Universal Decimal Classification |
| Número Koha | k. 8238 |
| Clasificación | 75(460) |
| Pre signatura | D |
| Signatura librística | M 32 |
| Inventario | Inv. 13671 |
| 945 ## - PROCESAMIENTO DE LA INFORMACIÓN LOCAL | |
| Catalogador y fecha | GN.16/08/02 ag 22/02/2023 |
| Estado retirado | Estado perdido | Fuente de clasificación | Estado dañado | No se presta | Biblioteca propietaria | Biblioteca de reserva | Fecha de adquisición | Total de préstamos | Signatura topográfica completa | Código de barras (nº de inventario) | Fecha visto por última vez | Tipo de ítem Koha | Nota pública |
|---|---|---|---|---|---|---|---|---|---|---|---|---|---|
| Universal Decimal Classification | No se presta | Biblioteca Pedagógica Eudoro Díaz | Biblioteca Pedagógica Eudoro Díaz | 13/06/1977 | D 75(460) M 32 | 13671 | 21/08/2016 | Libro | No se presta a domicilio |